|
|
|
|
| LEADER |
00985nam a2200277 4500 |
| 001 |
DLU110125737 |
| 005 |
##20110926 |
| 040 |
# |
# |
|a DLU
|b vie
|
| 041 |
# |
# |
|a vie
|
| 044 |
# |
# |
|a vn
|
| 100 |
# |
# |
|a Lê Hữu Thiếng.
|
| 245 |
# |
# |
|a Nghiên cứu sự tạo phức đơn, đa phôi tử của đysprosi, honmi với L-Lơxin, L-Tryptophan, L-Histidin và axetyl axeton trong dung dịch bằng phương pháp chuẩn độ đo PH /
|c Lê Hữu Thiếng, Đỗ Thị Huyền Lan.
|
| 653 |
# |
# |
|a Đa phôi tử
|
| 653 |
# |
# |
|a Phức chất
|
| 653 |
# |
# |
|a Tạo phức đơn
|
| 700 |
# |
# |
|a Đỗ Thị Huyền Lan.
|
| 773 |
# |
# |
|t Tạp chí Phân tích hóa, lý và sinh học
|g Số 2(13), 2008, tr. 36-39
|
| 920 |
# |
# |
|a Phòng Tạp chí -- Trung tâm Thông tin - Thư viện Trường Đại học Đà Lạt
|
| 994 |
# |
# |
|a DLU
|
| 900 |
# |
# |
|a True
|
| 911 |
# |
# |
|a Nguyễn Thị Linh Chi
|
| 925 |
# |
# |
|a G
|
| 926 |
# |
# |
|a A
|
| 927 |
# |
# |
|a BB
|
| 980 |
# |
# |
|a Thư viện Trường Đại học Đà Lạt
|